[Event "Figueres Nadal op 7th"]
[Site "Figueres"]
[Date "2017.12.30"]
[Round "7"]
[White "Vinolas Anglada, Laura"]
[Black "Pau Plana, Albert"]
[Result "0-1"]
[WhiteElo "1415"]
[BlackElo "2077"]
[PlyCount "104"]
[EventDate "2017.12.27"]
[EventType "swiss"]
[EventRounds "8"]
[EventCountry "ESP"]
[SourceTitle "CBM 182 Extra"]
[Source "ChessBase"]
[SourceDate "2018.02.23"]
[SourceVersion "1"]
[SourceVersionDate "2018.02.23"]
[SourceQuality "1"]

1. e4 c5 2. f4 d5 3. Nc3 d4 4. Bb5+ Bd7 5. Bxd7+ Qxd7 6. Nce2 Nf6 7. d3 Nc6 8. Nf3 e6 9. 0-0 Be7 10. a3 0-0 11. Qe1 Ng4 12. Qg3 Ne3 13. Bxe3 dxe3 14. Ne1 Nd4 15. Qxe3 Nxe2+ 16. Qxe2 Qd4+ 17. Kh1 Qxb2 18. Nf3 Qb6 19. Ne5 Qc7 20. Qg4 Bf6 21. Qg3 Rfd8 22. Rab1 Bxe5 23. fxe5 c4 24. Rfc1 b6 25. Ra1 Rac8 26. h3 h6 27. Kh2 Qc5 28. Kh1 Qd4 29. Rd1 Qc3 30. Rdc1 Qb2 31. Qf4 Qc3 32. Qg3 Rc5 33. Qh4 Rd7 34. Qg3 Rdc7 35. Qf4 Qd4 36. Kh2 Qb2 37. Qd2 cxd3 38. Qxd3 Rxc2 39. Rxc2 Rxc2 40. Rg1 Qxe5+ 41. Kh1 Rc3 42. Qd8+ Kh7 43. Qh4 Rxa3 44. Qe1 Qh5 45. Qf2 f6 46. Qd2 Qe5 47. Re1 Ra1 48. Rxa1 Qxa1+ 49. Kh2 Qe5+ 50. Kg1 Qxe4 51. Qf2 e5 52. Kf1 Qb1+ 0-1